Statistics for Flamingo International Airport Destinations (Kralendijk, Bonaire)

Click here to take the quiz!

General Stats

  • This quiz has been taken 14 times
  • The average score is 6 of 11

Answer Stats

AirlineDestination% Correct
KLM/TUI fly NetherlandsAmsterdam
92%
Delta Air LinesAtlanta
92%
American AirlinesMiami
92%
Divi Divi Air/EZAirAruba
75%
Air BelgiumBrussels
75%
WestJetToronto (Pearson)
67%
Divi Divi Air/EZAirCuracao
58%
United AirlinesHouston (Intercontinental)
58%
Sky HighSanto Domingo (Las Americas)
17%
EZAirBarranquilla
0%
EZAirSint Eustatius
0%

Score Distribution

Percentile by Number Answered

Percent of People with Each Score

Your Score History

You have not taken this quiz